Пропуск в контексте

Учебно-методическое пособие для практических занятий и самостоятельной работы по дисциплине «Эффективность функционирования АПК» для аспирантов направления 38.06.01 Экономика, профиль: «Экономика и управление народным хозяйством»

Учебно-методическое пособие разработано к.э.н., доцентом Зверевой Г.П.

שמור ב:
מידע ביבליוגרפי
פורמט: Книга
שפה:Russian
יצא לאור: Орел ОрелГАУ 2016
גישה מקוונת:https://e.lanbook.com/book/106940
https://e.lanbook.com/img/cover/book/106940.jpg
תגים: הוספת תג
אין תגיות, היה/י הראשונ/ה לתייג את הרשומה!
LEADER 01347nam0a2200241 i 4500
001 106940
003 RuSpLAN
005 20221220174013.0
008 221220s2016 ru gs 000 0 rus
040 |a RuSpLAN 
041 0 |a rus 
044 |a ru 
080 |a 338.43 (07) 
084 |a 65.32 Я7  |2 rubbk 
245 0 0 |a Учебно-методическое пособие для практических занятий и самостоятельной работы по дисциплине «Эффективность функционирования АПК» для аспирантов направления 38.06.01 Экономика, профиль: «Экономика и управление народным хозяйством» 
260 |a Орел  |b ОрелГАУ  |c 2016 
300 |a 65 с. 
504 |a Библиогр.: доступна в карточке книги, на сайте ЭБС Лань 
520 8 |a Учебно-методическое пособие разработано к.э.н., доцентом Зверевой Г.П. 
521 8 |a Книга из коллекции ОрелГАУ - Ветеринария и сельское хозяйство 
856 4 |u https://e.lanbook.com/book/106940 
856 4 8 |u https://e.lanbook.com/img/cover/book/106940.jpg 
953 |a https://e.lanbook.com/img/cover/book/106940.jpg